000 00655nam a2200217Ia 4500
005 20250508170025.0
008 008 250505s9999 xx 000 0 eng d
020 _a978-0-230-30834-3
037 _aReference
040 _aFEDL
_beng
_cFEDL
041 _aeng
_2eng
084 _a378.155, ELL/RR
_qFEDL
100 _aElliott Geoffrey
_9284100
245 0 _aYour guide to successful postgraduate study
260 _aLondon, UK
_bSage Publication Ltd.
_c2018
300 _aviii, 131p.
365 _aGBP
_b19.99
700 _a Kadi- Hanifi Karima Solvason Carla
_9782758
942 _cREF
_h378.155, ELL/RR
999 _c1398736
_d1398736